01216 a2200241 4500003000500000005001700005010001600022020004300038035002100081040000900102082001100111100002100122245007600143260003700219300003400256490002600290505033900316650004600655700002200701856009300723856008500816856007300901Nust20170207154014.0 a 98026055 a0070359717 (recycled, acid-free paper) a(DLC) 98026055 cNust00a621.461 aBeaty, H. Wayne.10aElectric motor handbook-(E-BOOK)cH. Wayne Beaty, James L. Kirtley, Jr. aNew York :bMcGraw-Hill,cc1998. axiv, 404 p. :bill. ;c24 cm.0 aMcGraw-Hill handbooks aElectric Motors - Terminology And Definitions - Fundamentals Of Electromagnetic Forces And Loss Mechanisms - Induction Motors - Synchronous Motors - Permanent Magnet-Synchronous (Brushless) Motors - Other Types Of Electric Motors And Related Apparatus - Motor Noise And Product Sound - Servomechanical Power-Electronic Motor Drives -  0aElectric motorsxHandbooks, manuals, etc.1 aKirtley, James L.423Contributor biographical informationuhttp://www.loc.gov/catdir/bios/mh041/98026055.html423Publisher descriptionuhttp://www.loc.gov/catdir/description/mh023/98026055.html423Table of contentsuhttp://www.loc.gov/catdir/toc/mh022/98026055.html